Coupe du Monde Football 1934: Drapeaux des pays qualifiés - Statistiques

Statistiques générales
  • Ce quiz a été pris 36 fois
  • Le résultat moyen est 15 sur 16
Statistiques - réponses
Par images Réponse % Correct
Argentine
100%
Autriche
100%
Belgique
100%
Brésil
100%
Etats-Unis
100%
France
100%
Hongrie
100%
Italie
100%
Pays-Bas
100%
Suède
100%
Suisse
100%
Roumanie
97%
Tchécoslovaquie
94%
Espagne
91%
Allemagne
66%
Egypte
43%
Aucun quiz correspondant
Distribution des résultats
% des personnes avec chaque résultat
Percentile par nombre de réponses
Votre historique - résultats
Vous n’avez pas pris ce quiz